000 00471pab a2200181 454500
008 180718b2002 xxu||||| |||| 00| 0 eng d
100 _aRay, P.K.
245 _aCan we solve employment and unemployment problem?
260 _c2002
300 _ap.340-72.
362 _aApr-Jun
650 _aUnemployment - India
650 _aEmployment - India
650 _aEmployment
700 _aMittal, K.K.
773 _aIndian Journal of Labour Economics
909 _a55167
999 _c55167
_d55167